Metódy finančného plánovania a ich uplatnenie v podnikoch na území SR diplomová práca

Gespeichert in:
Bibliographische Detailangaben
1. Verfasser: Žilinčík, Adam
Körperschaft: Národohospodárska fakulta EU. Katedra financií
Weitere Verfasser: Alexy, Martin, 1976-
Format: Buch
Sprache:Slowakisch
Veröffentlicht: Bratislava 2022
Tags: Tag hinzufügen
Keine Tags, Fügen Sie das erste Tag hinzu!

MARC

LEADER 00000nbm a2200000 4500
001 0284003
005 20221025135016.0
041 0 |a slo 
044 |a SK 
245 1 0 |a Metódy finančného plánovania a ich uplatnenie v podnikoch na území SR  |b diplomová práca  |c Adam Žilinčík ; školiteľ: Martin Alexy 
264 1 |a Bratislava  |c 2022 
300 |a 64 s. 
100 1 |a Žilinčík, Adam 
700 1 |a Alexy, Martin, 1976- 
710 2 |a Národohospodárska fakulta EU. Katedra financií